| 000 | 00443nam a2200181Ia 4500 | ||
|---|---|---|---|
| 001 | 12777 | ||
| 005 | 20260306163006.0 | ||
| 008 | 260306t1988||||xx |||||||||||||| ||spa|| | ||
| 041 | _aESP | ||
| 082 |
_aRD 262.91 _bJ81 |
||
| 100 |
_aLasanta, Pedro Jesús _eAUT |
||
| 245 | 0 | _aDiccionario social y moral de Juan Pablo II | |
| 260 | _c1988 | ||
| 300 |
_a733 páginas : _ccm. |
||
| 650 | _aGEN | ||
| 654 | _aCHU | ||
| 942 |
_cDIC _dJUS _fJUS _2ddc _n |
||
| 999 |
_c12777 _d12777 |
||